000
00295nam a22001337a 4500
008
170824b xxu||||| |||| 00| 0 eng d
020
_a
0878915109
041
_a
eng
080
_a
514
100
_a
38
101
_a
MAT
245
_a
THE GEOMETRY PROBLEM SOLVER
_c
FOGIEL,.D.M
942
_2
udc
_c
BK
999
_c
24910
_d
24910